000 00450nam a2200181Ia 4500
001 16052
005 20260306170241.0
008 260306t2007||||xx |||||||||||||| ||und||
041 _aESP
082 _a346.6
_bA94
100 _aAyllón Valdivia, César Arturo [1974-...]
_eAUT
245 0 _aLa permuta:
_buna nueva visión
260 _c2007
300 _a447 páginas :
_c21 cm.
650 _aGEN
654 _aCDE
942 _cLIB
_dJUS
_fJUS
_2ddc
_n
999 _c16052
_d16052